01510nam a2200277 a 450000100100000000500170001000800410002702000150006804000250008308200210010824501770012926000870030630000210039350000210041465000430043570000490047870000420052770000330056904900090060295201190061195201250073095201200085595201200097595201200109599900170121500001381820230519124857.0091130s1986 dr 001 0 spa d a8489525226 aDO-SdBNPaspacBNPHU a016.61892bI399a00aÍndice analítico de archivos dominicanos de pedriatría 1965-1984 /ccompiladora Manuel de Jesús Roa Santana, Lucero Arboleda de Roa ; colaboración Chavela Peña. aSanto Domingo :bInstituto Tecnológico de Santo DomingobAmigo del Hogar,c1986. a161 p. ;c24 cm. aIncluye índice 4aPediatriaxIndíce de revistas9313081 aRoa Santana, Manuel de Jesúsecomp.9313091 aArboleda de Roa, Luceroecomp.9313101 aPeña, Chavelaecol.931311 aBNPD 0010718PDaPDbPDcHDd2009-11-30iLF1l0o016.61892 I399ap13818-10r2020-06-25w2020-06-25yLFPDZNo se presta 0010718PDaPDbPDcHDd2011-09-06iLF1l0o016.61892 I399ap13818-20r2020-06-25te. 2w2020-06-25yLFPDZNo se presta 00107-18PDaGRbGRcOId2009-11-30iLF1l0o016.61892 I399ap13819-30r2020-06-25w2020-06-25yLFPDZNo se presta 00107-18PDaPDbPDcOId2009-11-30iLF1l0o016.61892 I399ap13819-10r2020-06-25w2020-06-25yLFPDZNo se presta 00107-18PDaPDbPDcOId2009-11-30iLF1l0o016.61892 I399ap13819-20r2020-06-25w2020-06-25yLFPDZNo se presta c13430d13430